Plan estratégico para mejorar la competitividad de las cooperativas camaroneras afiliadas a COMUSER R.L. en la comunidad de Ranchería, municipio de Chinandega, departamento de Chinandega
Presenta un plan estratégico para mejorar la competitividad de las cooperativas camaroneras afiliadas a la Cooperativa Multisectorial Solidarios del Estero Real de la comunidad de Ranchería municipio de Chinandega. Contiene diagnóstico operativo de las granjas que integran la Cooperativa Multise...
| Main Authors: | , , |
|---|---|
| Other Authors: | |
| Format: | Tesis Section = Libro |
| Language: | Undetermined Spanish |
| Published: |
Managua
UNI
2005
|
| Subjects: |
| LEADER | 01690nam a2200301Ia 4500 | ||
|---|---|---|---|
| 008 | 240830s9999 xx 000 0 und d | ||
| 040 | |a BIBLIOTECA-RUPAP Mon 658.802 M967 | ||
| 041 | |a spa | ||
| 082 | |a Mon 658.802 M967 | ||
| 100 | 1 | |a Muñoz González, Javier Aníbal | |
| 100 | 1 | |b Zamora Ruíz, Lenin Ernesto | |
| 100 | 1 | |c Cisneros Cerrato, Eder Ramiro | |
| 245 | 1 | 0 | |a Plan estratégico para mejorar la competitividad de las cooperativas camaroneras afiliadas a COMUSER R.L. en la comunidad de Ranchería, municipio de Chinandega, departamento de Chinandega |
| 260 | |a Managua |b UNI |c 2005 | ||
| 300 | |a 160 p. :il. | ||
| 500 | |a Contiene: anexos. | ||
| 502 | |a Tesis (Ingeniero Industrial)- UNI, 2005. | ||
| 520 | 3 | |a Presenta un plan estratégico para mejorar la competitividad de las cooperativas camaroneras afiliadas a la Cooperativa Multisectorial Solidarios del Estero Real de la comunidad de Ranchería municipio de Chinandega. Contiene diagnóstico operativo de las granjas que integran la Cooperativa Multisectorial Solidarios del Estero Real para identificar problemáticas existentes en todos los procesos. Plantea estrategias de desarrollo a corto plazo para lograr obtener resultados tangibles satisfactorios a las cooperativas. | |
| 650 | 7 | |a PLAN ESTRATÉGICO - COMPETITIVIDAD - COOPERATIVAS CAMARONERAS | |
| 650 | 7 | |b DIAGNÓSTICO - COOPERATIVAS CAMARONERAS | |
| 650 | 7 | |c PROCESO PRODUCTIVO - CAMARÓN – NICARAGUA | |
| 650 | 7 | |d ANÁLISIS FODA – COMUSER | |
| 650 | 7 | |e ESTUDIO DE MERCADO | |
| 650 | 7 | |f COMERCIALIZACIÓN - CAMARÓN | |
| 700 | 1 | |a Tutor: |b Chavarría González, Denis Roger | |
| 942 | |c BK |2 ddc | ||
| 991 | |a TESIS | ||
| 999 | |c 17650 | ||